Noms de famille dans Harry Potter - Statistiques

Statistiques générales
  • Ce quiz a été pris 102 fois
  • Le résultat moyen est 20 sur 24
Statistiques - réponses
Hint Réponse % Correct
Hermione Granger
100%
Harry Potter
100%
Severus Rogue
98%
Ron Weasley
97%
Albus Dumbledore
96%
Sirius Black
95%
Bellatrix Lestrange
93%
Luna Lovegood
91%
Drago Malfoy
89%
Dolores Ombrage
88%
Viktor Krum
85%
Cho Chang
84%
Neville Londubat
84%
Alastor Maugrey
81%
Remus Lupin
79%
Minerva Mcgonagall
79%
Cedric Diggory
76%
Godric Gryffondor
72%
Dudley Dursley
67%
Sybille Trelawney
66%
Helga Poufsouffle
65%
Gilderoy Lockhart
61%
Rita Skeeter
59%
Filius Flitwick
51%
Aucun quiz correspondant
Distribution des résultats
% des personnes avec chaque résultat
Percentile par nombre de réponses
Votre historique - résultats
Vous n’avez pas pris ce quiz